00529nam a22001812 450000100100000000500170001000800410002701000160006804000230008408200230010710000610013024500120019125000500020326000360025330000110028965000210030065000260032100000632820200929153922.0910607s1937 sp 000 0 spa  altf91059239 aDO-SdBNPcDLCdDLC a862.3bM845t, 19661 aMoreto y Cavana, Agustin,d1618-1669. [from old catalog]00aTeatro. a2. ed.bEd. y notas de Narciso Alonso Cortes. aMadrid, :bEspasa-Calpe,c1937. a246 p. 4aTeatro español 4aLiteratura española